01624nam a2200373 i 4500003000900000005001700009007000300026008004100029020001500070040003000085082002700115100003200142245010900174264007400283300003200357336002700389337003400416338002800450500002300478500006700501504003000568590002700598650003500625650007100660650007800731650005500809650005500864651007300919651007300992910001401065942001401079952014001093999001701233DO-SdBNP20260417203557.0ta110413s2000 dr 001 0 spa d a0313311277 aDO-SdBNPbspacBNPHUerda a327.7307293bH174s2221 aHall, Michael912719d1960-10aSugar and power in the Dominican Republic : b Eisenhower, Kennedy, and the Trujillos /cMichael R. Hall 1aWestport, Conn, Connecticut, Estado Unidos:bGreenwood Press, c2000. axii, 163 páginas c24 cm. 2rdacontentatextobtxt 2rdamediaasin mediación bn 2rdacarrieravolumenbnc aIncluye índice.  aIncluye breve información del autor en la última página. aBibliografía p: 145-157 aInventariado, 2023/ YL 0aSanciones económicas 983963 4aSanciones económicas vCasos de estudiozAmérica Latina983964 4aComercio de azúcarxHistoria ySiglo XX.zRepública Dominicana983965 4aArancel sobre el azúcar zEstados Unidos.983966 4aDemocratización zRepública Dominicana.983967 4aEstados Unidos xRelaciones exterioreszRepública Dominicana96309 4aRepública DominicanaxRelaciones exterioreszEstados Unidos 96308 aYLockward 2ddccLBS1 00102ddc51708PDaBNPHUbBNPHUcCTd2022-04-01eJohana Wilsil0oBNPHU PD 327.7307293 H174sp2023-5376r2023-08-15w2023-08-15yLBS1 c54435d54435